000 00688cam a2200241 a 4500
001 000018015
005 20200929165322.0
008 820603s1966 sp 000 f spa d
015 _aSp***
035 _a(DLC) 81135156
040 _aDO-SdBNP
_cDLC
_dDLC
082 _a863.64
_bA991j
100 1 _aAzaña, Manuel,
_d1880-1940.
_938343
245 1 3 _aEl jardín de los frailes /
_cManuel Azaña.
260 _aMadrid :
_bJoaquín Mortiz,
_c1966.
300 _a155 p. ;
_c19 cm.
490 1 _aDel volador
650 4 _aNovela española
_91123
650 4 _aLiteratura española
_ySIGLO XX
_93326
830 0 _aDel volador ;
_939061
910 _aCatalogación derivada
049 _aBNGR
999 _c17537
_d17537